The 6 senses: A quiz for kids - Statistics

General Stats
  • This quiz has been taken 40 times
  • The average score is 4 of 5
Answer Stats
Hint Answer % Correct
Loud noises Hear
100%
That's a big TV! Sight
100%
CUPCAKES!!!! Taste
97%
Soft fur Touch
97%
I'm dreaming.... Think
32%
No matching quizzes found
Score Distribution
Percent of People with Each Score
Percentile by Number Answered
Your Score History
You have not taken this quiz